Statistics for Countries Apart From Hungary That.....

Click here to take the quiz!

General Stats

  • This quiz has been taken 186 times
  • The average score is 30 of 36

Answer Stats

Answer% Correct
Border UkraineSlovakia
96%
Are European and landlockedSlovakia
96%
The Danube runs throughSlovakia
96%
Border UkraineRomania
95%
The Danube runs throughRomania
95%
Are European and landlockedAustria
94%
The Danube runs throughAustria
94%
The Danube runs throughGermany
94%
End in YGermany
94%
Border UkraineBelarus
92%
Are European and landlockedBelarus
92%
Border UkraineMoldova
92%
Are European and landlockedMoldova
92%
Border UkraineRussia
92%
Are European and landlockedCzech Republic
91%
Are European and landlockedSerbia
90%
The Danube runs throughSerbia
90%
Are European and landlockedAndorra
86%
Are European and landlockedLuxembourg
86%
Are European and landlockedSwitzerland
86%
Are European and landlockedLiechtenstein
85%
Border UkrainePoland
85%
End in YVatican City
85%
Are European and landlockedVatican City
85%
Are European and landlockedSan Marino
83%
The Danube runs throughBulgaria
82%
Are European and landlockedMacedonia
81%
The Danube runs throughMoldova
78%
Are European and landlocked Kosovo
75%
The Danube runs throughCroatia
70%
End in YItaly
67%
End in YNorway
62%
End in YTurkey
60%
The Danube runs throughUkraine
57%
End in YParaguay
49%
End in YUruguay
49%

Score Distribution

Percentile by Number Answered

Percent of People with Each Score

Your Score History

You have not taken this quiz